Statystyki dla Najwyższe Szczyty Województw Polski

Kliknij tutaj aby rozwiązać quiz!

Ogólne statystyki

  • Ten quiz został rozwiązany 293 razy
  • Średni wynik to 4 z 15

Statystyki odpowiedzi

Lp.Wysokość (m n.p.m.)WojewództwoSzczyt% Poprawnych
1.2499małopolskieRysy
98%
2.1602dolnośląskieŚnieżka
89%
6.612świętokrzyskieŁysica
60%
4.1346podkarpackieTarnica
49%
10.329pomorskieWieżyca
30%
3.1534śląskieGóra Pięciu Kopców
22%
5.894opolskieBiskupia Kopa
16%
11.312warmińsko-mazurskieDylewska Góra
12%
8.400łódzkieGóra Kamieńska
10%
7.408mazowieckieAltana
4%
13.284wielkopolskieKobyla Góra
4%
15.227lubuskieGóra Żarska
2%
16.189kujawsko-pomorskieCzarna Góra
1%
9.389lubelskieKrągły Goraj
1%
12.298podlaskieRowelska Góra
1%

Rozkład punktacji

Percentyl według liczby udzielonych odpowiedzi

Procent ludzi z każdym wynikiem

Twoja historia wyników

Nie rozwiązałeś tego quizu